[Event "ICS rated blitz match"]
[Site "207.99.83.227"]
[Date "1999.04.23"]
[Round "?"]
[White "iccjunkie"]
[Black "Hossa"]
[Result "1-0"]
[WhiteElo "2393"]
[BlackElo "2491"]
[Annotator "Crafty v16.6"]
[PlyCount "118"]

{annotating for player Hossa using a scoring margin of +0.10 pawns. search
time limit is 10.00} 1. d4 1... d5 2. Nf3 e6 3. g3 Nf6 4. Bg2 c5 5. O-O Bd6 6.
c4 O-O 7. cxd5 exd5 ({8:-0.33} 7... exd5 8. Nc3 Nc6 9. Bg5 Be6 10. e4 Nxd4 11.
Nxd4 cxd4 12. Qxd4 $14) ({8:-0.17} 7... Nxd5 8. Bg5 f6 9. Bh4 Nc6 10. e4 Ndb4
11. Nc3 $10) 8. Nc3 Be6 ({8:-0.77} 8... Be6 9. Ng5 Nc6 10. Nxe6 fxe6 11. dxc5
Bxc5 12. Bg5 Rc8 13. Rc1 $16) ({8:-0.32} 8... cxd4 9. Nxd4 Be5 10. Bg5 Nc6 11.
Nxc6 bxc6 12. Qd3 Bg4 13. Rad1 $14) 9. Bg5 Nbd7 ({8:-0.77} 9... Nbd7 10. dxc5
Bxc5 11. Nd4 Ne5 12. Nxe6 fxe6 13. Rc1 Rc8 14. Qd2 $16) ({8:-0.33} 9... Nc6 10.
dxc5 Bxc5 11. Rc1 Be7 12. Nd4 Bg4 13. Nxc6 bxc6 14. Qd4 $14) 10. dxc5 Bxc5 11.
Rc1 Rc8 ({8:-0.69} 11... Rc8 12. Nd4 h6 13. Bf4 g5 14. Be3 Ne5 15. Nxe6 15...
fxe6 $14) ({8:-0.46} 11... h6 12. Bf4 Nb6 13. Nd4 Bg4 14. h3 Bh5 15. Qd3 $14)
12. Nd4 Qe8 13. Nxe6 fxe6 14. e4 d4 15. Na4 Qg6 16. Nxc5 Rxc5 17. Rxc5 Nxc5 18.
Qxd4 Qxg5 19. f4 Qh5 20. Bf3 Qg6 21. Qxc5 Nxe4 22. Qxa7 Nd2 23. Rf2 Nxf3+ 24.
Rxf3 Qb1+ 25. Kg2 Qxb2+ 26. Qf2 Qxf2+ 27. Kxf2 g5 28. fxg5 b5 29. Rxf8+ Kxf8
30. Ke3 Kg7 31. g4 Kg8 32. h4 Kf7 33. Ke4 Ke8 34. Ke5 Ke7 35. a3 Kd7 36. h5 Ke7
37. g6 h6 38. Ke4 Kf6 39. Kf4 e5+ 40. Ke3 Ke7 41. Kd3 Kf6 42. Kc3 Kg7 43. Kb4
e4 44. Kc3 e3 45. Kd3 e2 46. Kxe2 Kf6 47. Kd3 Kg7 48. Kc3 Kh8 49. Kb4 Kg7 50.
Kxb5 Kf6 51. Kc6 Ke6 52. a4 Kf6 53. a5 Ke7 54. a6 Ke6 55. a7 Ke5 56. a8=Q Ke4
57. g7 Kd3 58. g8=Q Ke4 59. Qg6+ Ke3 1-0

[Event "ICS rated blitz match"]
[Site "207.99.83.227"]
[Date "1999.04.23"]
[Round "?"]
[White "rajah"]
[Black "Hossa"]
[Result "1-0"]
[WhiteElo "2470"]
[BlackElo "2471"]
[Annotator "Crafty v16.6"]
[PlyCount "145"]

{annotating for player Hossa using a scoring margin of +0.10 pawns. search
time limit is 10.00} 1. e4 1... c5 2. Nc3 e5 3. Nf3 d6 4. Bc4 Nc6 5. d3 Be7 6.
O-O Nf6 7. Be3 O-O 8. Nd5 Nxd5 9. Bxd5 Qb6 ({9:-0.66} 9... Qb6 10. Rb1 Bg4 11.
a3 Nd4 12. Bxd4 exd4 13. c4 dxc3 14. bxc3 Bxf3 15. Qxf3 $14) ({9:-0.36} 9...
Nb4 10. Bb3 Bg4 11. h3 Bh5 12. a3 Nc6 13. c4 13... Nd4 $14) 10. Rb1 Be6 ({
8:-1.11} 10... Be6 11. Bxe6 fxe6 12. c4 Qd8 13. Rc1 Bh4 14. Qe2 14... Qf6 $16)
({8:-0.62} 10... Bg4 11. a3 Nd4 12. Bxd4 cxd4 13. c4 Qc7 14. Qe2 14... Bh4 $14)
11. b4 Qc7 12. Bxe6 fxe6 13. bxc5 dxc5 14. Ng5 Bxg5 15. Bxg5 Rf7 16. Qg4 Qd7
17. Be3 b6 18. Rfe1 Nb4 19. Rb2 Qa4 20. Bd2 Qa3 21. Reb1 Nxa2 22. Qxe6 Nc3 23.
Rb3 Nxb1 24. Rxa3 Nxa3 25. Qb3 Raf8 26. f3 Nxc2 27. Qxc2 Re8 28. Qc4 Ree7 29.
f4 exf4 30. Bxf4 Rd7 31. Qa6 Rd8 32. g3 h6 33. h4 Rfd7 34. Kh1 Rxd3 35. Qxa7
R8d4 36. Qxb6 Rxe4 37. Qxc5 Rd1+ 38. Kg2 Re2+ 39. Kf3 Ree1 40. Be3 Rf1+ 41. Ke4
Rfe1 42. h5 Rd2 43. Qc4+ Kh8 44. Kf3 Rh2 45. Qa4 Rf1+ 46. Ke4 Kh7 47. g4 Rf8
48. Qd7 Re2 49. Kd3 Re1 50. Bd4 Rd1+ 51. Kc2 Rxd4 52. Qxd4 Rc8+ 53. Kd3 Kh8 54.
Qd6 Re8 55. Qd5 Kh7 56. Qf7 Re1 57. Qg6+ Kg8 58. g5 Kf8 59. gxh6 gxh6 60. Qxh6+
Kg8 61. Qg5+ Kf7 62. h6 Ke8 63. h7 Rd1+ 64. Kc4 Rh1 65. h8=Q+ Rxh8 66. Qe5+ Kf7
67. Qxh8 Kg6 68. Qe5 Kh6 69. Kd5 Kh7 70. Qg5 Kh8 71. Ke5 Kh7 72. Kf6 Kh8 73.
Qg7# 1-0

[Event "ICS rated bullet match"]
[Site "207.99.83.227"]
[Date "1999.04.23"]
[Round "?"]
[White "TDChess"]
[Black "Hossa"]
[Result "1-0"]
[WhiteElo "2564"]
[BlackElo "2461"]
[Annotator "Crafty v16.6"]
[PlyCount "79"]

{annotating for player Hossa using a scoring margin of +0.10 pawns. search
time limit is 10.00} 1. d4 1... e6 2. Nf3 d5 3. c4 dxc4 4. e3 b5 5. a4 c6 6.
axb5 cxb5 7. b3 Qd5 ({7:-0.01} 7... Qd5 8. bxc4 bxc4 9. Ra4 Ba6 10. Nbd2 Bb5
11. Bxc4 Bxa4 12. Bxd5 Bxd1 13. Bxa8 $10) ({7:+0.22} 7... Nf6 8. bxc4 b4 9. Bd3
Be7 10. O-O 10... O-O $10) 8. bxc4 bxc4 9. Qc2 Bb7 ({7:-0.57} 9... Bb7 10. Bxc4
Qh5 11. Nbd2 Bxf3 12. gxf3 Bd6 13. Qe4 $14) ({7:-0.32} 9... Qc6 10. Ba3 Bd6 11.
Bxd6 Qxd6 12. Nbd2 c3 13. Qxc3 $14) 10. Nbd2 c3 11. Qxc3 Nc6 12. Bc4 Bb4 13.
Qc2 Qd8 14. Rb1 Rc8 15. Qa4 Qe7 16. O-O Nh6 17. e4 O-O 18. d5 Bxd2 19. Nxd2
exd5 20. exd5 Nd8 21. Ba3 Qg5 22. Bxf8 Kxf8 23. Rfe1 Ne6 24. Qa3+ Kg8 25. Nf3
Qf4 26. Rxb7 Qxc4 27. dxe6 fxe6 28. Qe7 Nf5 29. Qf7+ Kh8 30. Rxe6 Qa4 31. Qxf5
a6 32. Rxg7 Qa1+ 33. Re1 Kxg7 34. Qd7+ Kg6 35. Rxa1 Ra8 36. Rc1 Rf8 37. Qg4+
Kf6 38. Rc6+ Ke7 39. Qe6+ Kd8 40. Rc8# 1-0

[Event "ICS rated bullet match"]
[Site "207.99.83.227"]
[Date "1999.04.23"]
[Round "?"]
[White "Hossa"]
[Black "TDChess"]
[Result "0-1"]
[WhiteElo "2450"]
[BlackElo "2575"]
[Annotator "Crafty v16.6"]
[PlyCount "102"]

{annotating for player Hossa using a scoring margin of +0.10 pawns. search
time limit is 10.00} 1. e4 1... d5 2. exd5 Qxd5 3. Nc3 Qe6+ 4. Nge2 ({9:+0.15} 
4. Nge2 4... Nf6 5. d4 Na6 6. d5 Qg4 7. Bf4 Bf5 8. Nb5 $10) ({9:+0.32} 4. Be2
4... Bd7 5. d4 Qf5 6. Nf3 Nc6 7. O-O O-O-O 8. Bg5 $14) 4... Nf6 5. d4 Na6 6.
Be3 Ng4 7. d5 ({8:-0.37} 7. d5 7... Nxe3 8. dxe6 Nxd1 9. exf7+ Kxf7 10. Rxd1
Nb4 11. Nd4 11... Bg4 $15) ({8:-0.09} 7. Qd3 7... Bd7 8. d5 Qe5 9. Qd4 Nxe3 10.
Qxe5 Nxc2+ 11. Kd1 11... Nxa1 $10) 7... Nxe3 8. dxe6 Nxd1 9. exf7+ Kxf7 10.
Rxd1 ({9:-0.12} 10. Rxd1 10... Nb4 11. Rd2 Bg4 12. Nf4 Bf5 13. Bc4+ Ke8 14.
Bb5+ c6 15. Ba4 $10) ({9:+0.18} 10. Nxd1 10... Be6 11. Nd4 Nc5 12. Ne3 Rd8 13.
O-O-O Bxa2 14. f4 $10) 10... e5 11. Ng3 Bb4 12. Bxa6 ({8:+0.03} 12. Bxa6 12...
Bxc3+ 13. bxc3 bxa6 14. O-O Be6 15. f4 e4 16. Nxe4 16... Bxa2 $10) ({8:+0.38} 
12. Bc4+ 12... Kg6 13. Rd3 Nc5 14. a3 e4 15. Rd5 Bxc3+ 16. bxc3 b6 17. O-O $14)
12... Bxc3+ 13. bxc3 bxa6 14. O-O Be6 15. a4 Rhd8 16. Rxd8 Rxd8 17. Ne4 a5 18.
Re1 Bd7 19. Rd1 Ke7 20. Nc5 Bc6 21. Rxd8 Kxd8 22. c4 Ke7 23. Nb3 Bxa4 24. Nxa5
Bxc2 25. Nc6+ Kd6 26. Nxa7 c6 27. Kf1 Bd3+ 28. Ke1 Bxc4 29. f4 exf4 30. Kd2 c5
31. g3 fxg3 32. hxg3 Kc7 33. g4 Kb7 34. Kc3 Bf1 35. Kd2 g5 36. Ke1 Bc4 37. Nc6
Kxc6 38. Kd1 Be6 39. Kd2 Bxg4 40. Ke3 Bd1 41. Kf2 c4 42. Ke3 g4 43. Kd2 g3 44.
Ke1 c3 45. Kxd1 g2 46. Kc2 g1=Q 47. Kd3 Qd1+ 48. Ke4 c2 49. Kf4 c1=Q+ 50. Ke5
Qd5+ 51. Kf6 Qcg5# 0-1

[Event "ICS rated blitz match"]
[Site "207.99.83.227"]
[Date "1999.04.23"]
[Round "?"]
[White "Hossa"]
[Black "Nimzovik"]
[Result "1-0"]
[WhiteElo "2458"]
[BlackElo "2074"]
[PlyCount "41"]

1. e4 Nc6 2. d4 d5 3. e5 Bf5 4. Nf3 f6 5. Bb5 Qd7 6. O-O e6 7. exf6 gxf6 8. Nh4
Bg6 9. Nxg6 hxg6 10. Qg4 O-O-O 11. Re1 f5 12. Qxg6 Bd6 13. h3 Re8 14. Nc3 Nge7
15. Qf7 a6 16. Ba4 b5 17. Bxb5 axb5 18. Nxb5 Ng8 19. Qg6 Qh7 20. Qxe8+ Nd8 21.
Rxe6 {Nimzovik resigns} 1-0

[Event "ICS rated blitz match"]
[Site "207.99.83.227"]
[Date "1999.04.23"]
[Round "?"]
[White "JudgeTurpin"]
[Black "Hossa"]
[Result "1-0"]
[WhiteElo "2541"]
[BlackElo "2461"]
[Annotator "Crafty v16.6"]
[PlyCount "118"]

{annotating for player Hossa using a scoring margin of +0.10 pawns. search
time limit is 10.00} 1. e4 1... e6 2. d3 d5 3. Nd2 d4 ({7:-0.42} 3... d4 4.
Ngf3 Nf6 5. e5 Nfd7 6. Ne4 6... Nc6 $14) ({7:-0.20} 3... dxe4 4. dxe4 Nf6 5.
Ngf3 Bb4 6. c3 Bc5 7. Bc4 $10) 4. Ngf3 Nf6 5. Nb3 Nc6 6. Bd2 e5 7. Be2 Bd6 8.
O-O O-O 9. Bg5 a5 ({8:-0.46} 9... a5 10. Nbd2 Bc5 11. Nc4 Qe7 12. Re1 b5 13.
Ncd2 $14) ({8:-0.31} 9... Be6 10. Bh4 Qe7 11. Ng5 Bd7 12. Bg3 Bb4 13. Rc1 $14)
10. c3 a4 11. Nbd2 a3 12. Qb3 axb2 13. Qxb2 Ba3 14. Qb3 dxc3 15. Nc4 Bc5 16.
Ncxe5 Nxe5 17. Nxe5 Ra3 18. Qc2 Be6 19. Nf3 Be7 20. Bc1 Ra6 21. Qxc3 Bxa2 22.
Bd2 Be6 23. Rxa6 bxa6 24. Ra1 Bc8 25. Ne5 Bd6 26. f4 Bb7 27. Be3 Qe7 28. Rb1
Bc8 29. Nc6 Qe6 30. f5 Qa2 31. Qe1 Qa4 32. Na7 Bd7 33. Ra1 Qb3 34. Qc1 Ra8 35.
Rxa6 Bb5 36. Nxb5 Rxa6 37. Nxd6 Rxd6 38. e5 Ra6 39. exf6 Rxf6 40. Qxc7 Qb4 41.
Bf2 h5 42. g3 Qb5 43. Qd8+ Kh7 44. Bf3 Qb1+ 45. Kg2 Qc1 46. Qd7 Qg5 47. h4 Qh6
48. Bd5 Qd2 49. Bxf7 Qb2 50. Bxh5 Qa3 51. Bg6+ Kh8 52. Bd4 Qd6 53. Qa7 Rxg6 54.
fxg6 Qc6+ 55. Kg1 Qxg6 56. Qxg7+ Qxg7 57. Bxg7+ Kg8 58. Bd4 Kh7 59. g4 Kg8 1-0

[Event "ICS rated blitz match"]
[Site "207.99.83.227"]
[Date "1999.04.23"]
[Round "?"]
[White "rajah"]
[Black "Hossa"]
[Result "1-0"]
[WhiteElo "2515"]
[BlackElo "2435"]
[PlyCount "91"]

1. c4 Nf6 2. d4 e6 3. Nf3 d5 4. Nc3 Bb4 5. cxd5 exd5 6. e3 O-O 7. Bd3 Ne4 8.
Bd2 Nxd2 9. Qxd2 Bg4 10. Ne5 Bh5 11. Qc2 Bg6 12. Qb3 Bxd3 13. Nxd3 Bxc3+ 14.
bxc3 b6 15. Nf4 c6 16. c4 dxc4 17. Qxc4 Qh4 18. Rc1 Rd8 19. O-O Rd6 20. Rfd1
Rh6 21. h3 Rd6 22. d5 Qd8 23. e4 Rd7 24. Rd3 b5 25. Qb3 Qe8 26. dxc6 Nxc6 27.
Rxd7 Qxd7 28. Qxb5 Rc8 29. Nd5 Kh8 30. Rc4 Qd6 31. Nb4 Qd1+ 32. Kh2 Qd2 33.
Rxc6 Rd8 34. Qc5 Qf4+ 35. g3 Qxe4 36. Rc8 Qe8 37. Rxd8 Qxd8 38. Qxa7 Qg8 39. a4
f5 40. a5 h6 41. a6 f4 42. gxf4 Qf8 43. Nd3 Qd8 44. Qb7 Qxd3 45. a7 Qd8 46.
a8=Q {Hossa resigns} 1-0

[Event "ICS Rated bullet match"]
[Site "207.99.83.227"]
[Date "1999.04.23"]
[Round "?"]
[White "TDChess"]
[Black "Hossa"]
[Result "1-0"]
[WhiteElo "2574"]
[BlackElo "2440"]
[Annotator "Crafty v16.6"]
[PlyCount "129"]

{annotating for player Hossa using a scoring margin of +0.10 pawns. search
time limit is 10.00} 1. d4 1... Nf6 2. Nf3 e6 3. e3 d5 ({7:-0.36} 3... d5 4.
Bb5+ c6 5. Bd3 Bb4+ 6. Bd2 Bxd2+ 7. Nbxd2 Qb6 8. O-O 8... Qxb2 $14) ({7:-0.17} 
3... c5 4. Bd3 cxd4 5. exd4 Bb4+ 6. Bd2 Bxd2+ 7. Nbxd2 O-O 8. O-O 8... Nc6 $10)
4. c4 Be7 5. Bd3 O-O 6. O-O dxc4 7. Bxc4 c5 8. Nc3 Nc6 9. dxc5 Bxc5 10. a3 Qe7
11. e4 Rd8 12. Qc2 e5 ({8:-0.51} 12... e5 13. Bg5 Bg4 14. Nd5 Qd6 15. b4 Bd4
16. Nxd4 Nxd4 17. Nxf6+ 17... gxf6 $14) ({8:+0.27} 12... Nd4 13. Nxd4 Bxd4 14.
Ne2 Qc5 15. Bd3 Qxc2 16. Bxc2 Be5 17. Nf4 $10) 13. Nd5 Nxd5 14. exd5 Nd4 15.
Nxd4 exd4 16. Bf4 Qh4 17. Bc7 Rd7 18. Bg3 Qh5 19. Rae1 Rd8 20. Bc7 Bf5 21. Qb3
Rd7 22. Qxb7 Rf8 23. Qc6 Be7 24. Be5 Rfd8 25. Bxd4 Bd6 26. f4 Qh4 27. g3 Qh3
28. Bxa7 h5 29. Bb6 Rb8 30. Re3 h4 31. Ba6 hxg3 32. Rxg3 Qh4 33. Bd4 g6 34. Bd3
Bg4 35. Kg2 Rdd8 36. Bb6 Be7 37. Bxd8 Rxb2+ 38. Bc2 Bxd8 39. Rb1 Bd7 40. Qc4
Rxb1 41. Bxb1 Kh7 42. d6 Kg7 43. Qc3+ Kf8 44. f5 Bf6 45. Qc7 Bxf5 46. Bxf5 gxf5
47. Qc8+ Bd8 48. Qxf5 Qc4 49. d7 Qe2+ 50. Kh1 Ke7 51. Qc5+ Kxd7 52. Qd4+ Kc8
53. Qd5 Qf1+ 54. Rg1 Qf6 55. Qa8+ Kc7 56. Qa7+ Kc6 57. Rc1+ Kd6 58. Rd1+ Kc6
59. Qd7+ Kb6 60. Rb1+ Kc5 61. Rb5+ Kc4 62. Qd5+ Kc3 63. Rb3+ Kc2 64. Qd3+ Kc1
65. Rb1# 1-0

[Event "ICS Rated bullet match"]
[Site "207.99.83.227"]
[Date "1999.04.23"]
[Round "?"]
[White "Hossa"]
[Black "TDChess"]
[Result "1-0"]
[WhiteElo "2430"]
[BlackElo "2594"]
[PlyCount "129"]

1. d4 d5 2. Nf3 Nc6 3. e3 Bg4 4. Bb5 Qd7 5. Nbd2 Nf6 6. O-O O-O-O 7. c4 e6 8.
Qa4 Bd6 9. c5 a6 10. Bxc6 Qxc6 11. Qxc6 Bxh2+ 12. Kxh2 bxc6 13. Ne5 Be2 14.
Nxf7 Bxf1 15. Nxf1 Rdf8 16. Nxh8 Ng4+ 17. Kg1 Nxf2 18. Ng3 Nd3 19. Nh5 g5 20.
Ng7 Rxh8 21. e4 dxe4 22. Bxg5 Rg8 23. Bh6 e5 24. dxe5 Nxe5 25. Re1 Ng4 26. Nf5
Re8 27. Bf4 Nf6 28. Be3 a5 29. b3 Kb7 30. a3 Ka6 31. Nd4 Kb7 32. Bd2 Nd7 33.
Bxa5 Nxc5 34. Rc1 Re5 35. Rc4 e3 36. Bc3 Rd5 37. Rb4+ Ka6 38. g3 Ne4 39. Be1
Ng5 40. Ra4+ Kb6 41. Kg2 c5 42. Ba5+ Kb7 43. Ne2 Rd6 44. Rg4 Rd5 45. Bc3 c6 46.
a4 Kb6 47. Rf4 Ka7 48. Bf6 h6 49. Bxg5 hxg5 50. Rf7+ Kb6 51. Rf8 g4 52. Re8 Rd3
53. Re4 Rxb3 54. Rxg4 Rb4 55. Rf4 Ka5 56. Nc3 Rxf4 57. gxf4 Kb4 58. Ne2 c4 59.
f5 Kc5 60. Kf3 Kd6 61. a5 c3 62. a6 Kc7 63. f6 c2 64. Kxe3 Kb6 65. Kd2 {
TDChess resigns} 1-0

[Event "ICS Rated blitz match"]
[Site "207.99.83.227"]
[Date "1999.04.23"]
[Round "?"]
[White "rajah"]
[Black "Hossa"]
[Result "1-0"]
[WhiteElo "2538"]
[BlackElo "2412"]
[Annotator "Crafty v16.6"]
[PlyCount "177"]

{annotating for player Hossa using a scoring margin of +0.10 pawns. search
time limit is 10.00} 1. d4 1... d5 2. c4 dxc4 3. e4 e5 4. Nf3 Bb4+ ({7:+0.03} 
4... Bb4+ 5. Bd2 Bxd2+ 6. Qxd2 exd4 7. Qxd4 Qxd4 8. Nxd4 Nf6 9. Bxc4 O-O 10.
Nc3 $10) ({7:+0.44} 4... exd4 5. Qxd4 Qxd4 6. Nxd4 Nf6 7. Bxc4 c5 8. e5 cxd4 9.
exf6 9... gxf6 $15) 5. Bd2 Bxd2+ 6. Qxd2 exd4 7. Qxd4 Qxd4 8. Nxd4 Nf6 9. Nc3
O-O 10. Bxc4 Rd8 11. O-O-O Nbd7 12. f3 Ne5 13. Be2 c6 14. f4 Ng6 15. g3 Bh3 16.
Nf3 a5 17. Ng5 Bd7 18. Bc4 Be8 19. e5 Ng4 20. e6 Nh6 21. Bd3 fxe6 22. Nxe6 Rdc8
23. Rhe1 Nh8 24. Na4 Bh5 25. Rd2 Re8 26. Nac5 Bf7 27. f5 Re7 28. Kb1 Rae8 29.
Rde2 Bh5 30. Re5 Bg4 31. Nb3 N8f7 32. Rxa5 Nxf5 33. Bxf5 Bxf5+ 34. Rxf5 Rxe6
35. Rxe6 Rxe6 36. Rf2 Re5 37. Kc1 Rd5 38. a4 Ne5 39. Rd2 g5 40. Rxd5 cxd5 41.
Nd4 Nd3+ 42. Kb1 Nc5 43. a5 Kf7 44. b4 Ne4 45. b5 Nc5 46. g4 Kf6 47. Nc2 Ke6
48. Nb4 Ne4 49. a6 bxa6 50. bxa6 Nc3+ 51. Kc2 Na4 52. a7 Nb6 53. Kd3 Ke5 54.
Ke3 Nc4+ 55. Kf2 Nb6 56. h3 Kd6 57. Kf3 Kc5 58. Nd3+ Kc6 59. Ne5+ Kb7 60. Nf7
h6 61. Nxh6 Nc4 62. Nf7 Nd2+ 63. Ke3 Ne4 64. Kd4 Kxa7 65. Kxd5 Nf2 66. Nxg5 Kb6
67. Kd4 Kc6 68. Ke3 Nd1+ 69. Kf3 Kd7 70. h4 Nb2 71. h5 Nd3 72. h6 Ne5+ 73. Kf4
Ng6+ 74. Kf5 Nh8 75. Kf6 Ke8 76. Nf7 Nxf7 77. h7 Kf8 78. g5 Ke8 79. g6 Nd8 80.
h8=Q+ Kd7 81. Qxd8+ Kxd8 82. g7 Kc8 83. g8=Q+ Kb7 84. Ke5 Kc6 85. Qd5+ Kc7 86.
Qb5 Kd8 87. Qb7 Ke8 88. Ke6 Kf8 89. Qf7# 1-0

[Event "ICS Rated blitz match"]
[Site "207.99.83.227"]
[Date "1999.04.23"]
[Round "?"]
[White "Hossa"]
[Black "rajah"]
[Result "0-1"]
[WhiteElo "2402"]
[BlackElo "2548"]
[Annotator "Crafty v16.6"]
[PlyCount "75"]

{annotating for player Hossa using a scoring margin of +0.10 pawns. search
time limit is 10.00} 1. c4 1... e5 2. Nc3 Nf6 3. Nf3 Nc6 4. e3 Bb4 5. Be2 d6 6.
a3 Bxc3 7. dxc3 O-O 8. Nd2 ({9:-0.61} 8. Nd2 8... Ne7 9. O-O c5 10. Bf3 Rb8 11.
b4 Bf5 12. bxc5 12... dxc5 $15) ({9:-0.44} 8. O-O 8... Bg4 9. Bd2 Qd7 10. Rc1
e4 11. Nd4 Bxe2 12. Qxe2 12... Ne5 $15) 8... e4 9. O-O Bf5 10. f3 ({9:-0.77} 
10. f3 10... exf3 11. Nxf3 Bg4 12. Ng5 Ne5 13. Rf4 Bxe2 14. Qxe2 Nd5 15. Rf5
$17) ({9:-0.30} 10. Nb3 10... Ne5 11. c5 d5 12. Na5 Rb8 13. Qd4 Nd3 14. c6 $10)
10... Qe7 11. fxe4 Bxe4 12. Nxe4 Nxe4 13. Bd3 Rae8 14. Bb1 Qg5 15. Rf4 Nc5 16.
b4 Ne6 17. Rf5 Qd8 18. Qg4 Qe7 19. Rh5 g6 20. Rh6 f5 21. Qh4 Qg7 22. Ra2 Qxc3
23. Rc2 Qb3 24. Rxh7 Qxb1 25. Qh6 Re7 26. Rh8+ Kf7 27. Rh7+ Kf6 28. Rc3 Rxh7
29. Qxh7 Qe4 30. Qh6 Ne5 31. c5 dxc5 32. bxc5 Rd8 33. Qh7 Ng5 34. c6 Nxh7 35.
h3 Rd1+ 36. Kh2 Nf3+ 37. Kg3 Qh4+ 38. Kxf3 0-1

[Event "ICS Rated blitz match"]
[Site "207.99.83.227"]
[Date "1999.04.23"]
[Round "?"]
[White "rajah"]
[Black "Hossa"]
[Result "0-1"]
[WhiteElo "2558"]
[BlackElo "2392"]
[PlyCount "152"]

1. c4 e5 2. Nc3 Nf6 3. Nf3 Nc6 4. e3 Bb4 5. Be2 d6 6. O-O O-O 7. Qb3 e4 8. Nd4
Nxd4 9. exd4 Ba5 10. d3 Re8 11. Nxe4 Nxe4 12. dxe4 Rxe4 13. Bf3 Rxd4 14. Be3
Rh4 15. g3 Rh3 16. Bg2 Rh5 17. Bxb7 Bxb7 18. Qxb7 Bb6 19. Qf3 Re5 20. Rae1 Qf8
21. Bf4 Re6 22. Rxe6 fxe6 23. Re1 e5 24. Qd5+ Kh8 25. Be3 Re8 26. Qc6 Qf7 27.
c5 dxc5 28. Bxc5 Bxc5 29. Qxc5 Qxa2 30. Rxe5 Rxe5 31. Qxe5 Qc4 32. Qe8+ Qg8 33.
Qe7 Qb8 34. b4 h6 35. h4 Kg8 36. h5 Kh7 37. f4 Kh8 38. g4 c6 39. Qe4 Qf8 40.
Kg2 c5 41. bxc5 Qxc5 42. g5 hxg5 43. Qe8+ Kh7 44. Qg6+ Kg8 45. fxg5 Qd5+ 46.
Kf1 Qc4+ 47. Ke1 Qc1+ 48. Ke2 Qb2+ 49. Kf3 Qc3+ 50. Kf4 Qb4+ 51. Ke3 Qb3+ 52.
Qd3 Qb6+ 53. Kf3 Qc6+ 54. Kg3 Qc7+ 55. Kg4 Qc8+ 56. Kh4 Qf8 57. h6 gxh6 58.
Qg6+ Qg7 59. Qe6+ Qf7 60. Qxh6 Qh7 61. Kg4 Qxh6 62. gxh6 a5 63. Kf3 a4 64. Ke2
a3 65. Kd2 a2 66. Kd3 Kh7 67. Kd4 Kxh6 68. Ke5 Kg6 69. Ke6 a1=Q 70. Kd5 Kf5 71.
Kc5 Qc3+ 72. Kd5 Qb4 73. Kc6 Ke6 74. Kc7 Qb5 75. Kc8 Kd6 76. Kd8 76... Qb8# {
rajah checkmated} 0-1

[Event "ICS rated blitz match"]
[Site "207.99.83.227"]
[Date "1999.04.23"]
[Round "?"]
[White "Hossa"]
[Black "FRANCIS-GONZ"]
[Result "1-0"]
[WhiteElo "2415"]
[BlackElo "2055"]
[PlyCount "125"]

1. Nf3 d5 2. c4 c6 3. cxd5 cxd5 4. e3 Bg4 5. d4 Nf6 6. Bb5+ Nc6 7. Bxc6+ bxc6
8. Nbd2 e6 9. Qc2 Qb6 10. Ne5 Rc8 11. Nxg4 Nxg4 12. O-O Bb4 13. h3 Nf6 14. a3
Bd6 15. b4 O-O 16. Bb2 a5 17. bxa5 Qxa5 18. a4 Bb4 19. Nb3 Qc7 20. Ba3 Bxa3 21.
Rxa3 Nd7 22. Nc5 Nxc5 23. Qxc5 Ra8 24. Rb1 Qa5 25. Qxc6 Rfc8 26. Qd6 Qd2 27.
Raa1 Qc2 28. Qa3 Rc3 29. Qb2 Qxb2 30. Rxb2 Kf8 31. h4 Ke8 32. Kf1 Ra5 33. Rb5
Ra6 34. Rb8+ Ke7 35. Rh8 h6 36. Rg8 Kf6 37. Rb8 Rc4 38. a5 Rc2 39. g3 g5 40. h5
Rc7 41. Rb6 Rca7 42. Rxa6 Rxa6 43. f3 g4 44. f4 Kf5 45. Ke2 f6 46. Ra4 e5 47.
fxe5 fxe5 48. dxe5 Kxe5 49. Rxg4 Rxa5 50. Rg6 Ra2+ 51. Kf3 Ra3 52. Rxh6 d4 53.
Rh8 Rxe3+ 54. Kg4 Kf6 55. Kf4 Re1 56. g4 Kg7 57. Rd8 Rf1+ 58. Kg5 Rd1 59. h6+
Kh7 60. Rd7+ Kg8 61. h7+ Kh8 62. Kg6 Rg1 63. Rd8# {FRANCIS-GONZ checkmated} 1-0

[Event "ICS Rated blitz match"]
[Site "207.99.83.227"]
[Date "1999.04.23"]
[Round "?"]
[White "Secret"]
[Black "Hossa"]
[Result "1-0"]
[WhiteElo "2714"]
[BlackElo "2419"]
[Annotator "Crafty v16.6"]
[PlyCount "102"]

{annotating for player Hossa using a scoring margin of +0.10 pawns. search
time limit is 10.00} 1. e4 1... e6 2. d4 d5 3. Nc3 dxe4 4. Nxe4 Nf6 5. Nxf6+
Qxf6 6. Nf3 Qd8 7. Bd3 Be7 8. c3 Bd7 ({9:-0.88} 8... Bd7 9. Ne5 Nc6 10. O-O
Nxe5 11. dxe5 O-O 12. Qh5 g6 13. Qh6 $16) ({9:-0.55} 8... Nd7 9. O-O O-O 10.
Qc2 Nf6 11. Bg5 h6 12. Bf4 12... c6 $14) 9. Ne5 Nc6 10. Qg4 Bf6 11. Bf4 O-O 12.
O-O Ne7 13. Qf3 Bc8 14. Qe4 Ng6 15. Nxg6 fxg6 16. Bc4 Re8 17. Rad1 Qe7 18. Rfe1
c6 19. Re2 Bd7 20. Rde1 Qf7 21. Bd6 b5 22. Bb3 g5 23. Re3 Rad8 24. Rh3 g6 25.
Rf3 Qg7 26. Qe2 Bc8 27. Bc5 Kh8 28. Re3 Be7 29. Bxa7 Bf8 30. Bb6 Rd6 31. d5 Qb7
32. Bd4+ Kg8 33. dxe6 Be7 34. Qf3 Rf8 35. Qf7+ Rxf7 36. exf7+ Kf8 37. Rxe7 Qxe7
38. Bg7+ Kxg7 39. Rxe7 Bg4 40. Re8 Rd1+ 41. Bxd1 Kxf7 42. Re1 Bf5 43. a4 bxa4
44. Bxa4 c5 45. Re5 c4 46. Bb5 Kf6 47. Rc5 h5 48. Bxc4 g4 49. b4 Bc2 50. b5 Ke7
51. b6 Kd6 1-0

[Event "ICS Rated blitz match"]
[Site "207.99.83.227"]
[Date "1999.04.23"]
[Round "?"]
[White "Hossa"]
[Black "matar"]
[Result "1-0"]
[WhiteElo "2412"]
[BlackElo "2298"]
[PlyCount "77"]

1. d4 d5 2. c4 c6 3. cxd5 cxd5 4. e3 Nf6 5. Nf3 Nc6 6. Ne5 e6 7. Bb5 Bd7 8.
Nxd7 Qxd7 9. Nc3 Bd6 10. Bd2 O-O 11. Rc1 Rac8 12. O-O e5 13. Qb3 e4 14. f3 Rfe8
15. fxe4 dxe4 16. d5 Bxh2+ 17. Kxh2 Ng4+ 18. Kg1 Qd6 19. Rf4 Nce5 20. Bxe8 Rxe8
21. Qa4 Rf8 22. Qd4 Qh6 23. Qxe4 Qh2+ 24. Kf1 f5 25. Rxf5 Rxf5+ 26. Qxf5 Qh1+
27. Ke2 Qxg2+ 28. Kd1 g6 29. Qc8+ Kg7 30. Qxb7+ Kg8 31. Qb8+ Kg7 32. Qxa7+ Kg8
33. Kc2 Nc4 34. Qb8+ Kg7 35. Qc7+ Kg8 36. Qd8+ Kg7 37. Qe7+ Kg8 38. Ne4 Ncxe3+
39. Kb3 {matar resigns} 1-0

[Event "ICS Rated blitz match"]
[Site "207.99.83.227"]
[Date "1999.04.23"]
[Round "?"]
[White "matar"]
[Black "Hossa"]
[Result "1/2-1/2"]
[WhiteElo "2287"]
[BlackElo "2423"]
[PlyCount "86"]

1. e4 Nf6 2. e5 Nd5 3. c4 Nb6 4. c5 Nd5 5. Nc3 Nxc3 6. dxc3 e6 7. Qg4 f6 8. Nf3
Nc6 9. Bd3 f5 10. Qg3 b6 11. Bg5 Be7 12. h4 bxc5 13. O-O-O Na5 14. Bf4 O-O 15.
Bh6 Rf7 16. Ng5 Bxg5+ 17. Bxg5 Qf8 18. h5 f4 19. Qg4 c4 20. Bg6 f3 21. Bxf7+
Qxf7 22. gxf3 Bb7 23. Rh3 Rf8 24. f4 Be4 25. Rg1 Bf5 26. Qg3 Bxh3 27. Qxh3 Qe8
28. Bf6 Rf7 29. h6 g6 30. Qh5 Kf8 31. Rxg6 hxg6 32. Qxg6 d5 33. h7 Rxh7 34.
Qxh7 Qf7 35. Qh8+ Qg8 36. Be7+ Kf7 37. Qf6+ Ke8 38. Kd2 Qh7 39. Qxe6 Qd3+ 40.
Ke1 Qb1+ 41. Ke2 Qd3+ 42. Ke1 Qb1+ 43. Ke2 43... Qd3+ {
Game drawn by mutual agreement} 1/2-1/2

[Event "ICS Rated blitz match"]
[Site "207.99.83.227"]
[Date "1999.04.23"]
[Round "?"]
[White "Hossa"]
[Black "matar"]
[Result "1-0"]
[WhiteElo "2417"]
[BlackElo "2293"]
[Annotator "Fritz 5.32 (15s)"]
[PlyCount "23"]

1. Nf3 c5 2. e4 e6 3. Nc3 Nc6 4. Bb5 Nd4 5. d3 $146 (5. O-O Ne7 (5... a6 6. Bd3
Ne7 7. Nxd4 cxd4 8. Ne2 d5 9. b3 Nc6 10. Bb2 Bc5 11. Nf4 Nb4 12. a3 Nxd3 13.
Nxd3 Ba7 14. e5 O-O 15. Qg4 f5 16. Qg3 Bd7 17. Rfe1 Rc8 18. Rac1 h6 19. h4 Qe7
20. Nf4 Be8 21. Ne2 Bh5 22. Nf4 Bf7 23. Ne2 Bh5 24. Nf4 Bf7 25. Ne2 25... Bh5 {
- Sokolov,A-Filippov,V/Open, Bourbon Lancy FRA 1997 (25)}) 6. Nxd4 cxd4 7. Ne2
a6 8. Ba4 Nc6 9. d3 Bc5 10. c4 dxc3 11. d4 Ba7 12. bxc3 O-O 13. Kh1 e5 14. Bb3
d6 15. Qd3 Re8 16. Rb1 Na5 17. Bd5 Be6 18. Bxe6 Rxe6 19. f4 Re8 20. Ng3 g6 21.
fxe5 dxe5 22. Nh5 f5 23. Rxf5 Re6 24. Bg5 Qc7 25. Nf6+ Kh8 26. Nd5 {
1-0 Conquest,S-Schlosser,P/Baden-Baden op 1993 (26)}) (5. Bc4 a6 6. Nxd4 cxd4
7. Ne2 b5 8. Bb3 Bb7 9. d3 Bc5 10. c3 d5 11. exd5 Bxd5 12. Bxd5 Qxd5 13. O-O
Nf6 14. c4 Qd7 15. cxb5 axb5 16. Bf4 O-O 17. Qb3 Nd5 18. Rfc1 Rfc8 19. Be5 Nb6
20. a3 f6 21. Bf4 Kh8 22. Ng3 {
- Zahariev,Z-Bagaturov,G/7th Open, Chania GRE 1997 (22)}) (5. Ba4 a6 6. Nxd4
6... cxd4 $11) 5... Nf6 $14 (5... Qa5 $5 6. Bc4 6... b5 $15) 6. e5 Nd5 7. Nxd4
cxd4 8. Nxd5 exd5 9. Bd2 Qb6 10. Ba4 Qxb2 11. Bb3 11... d6 $16 (11... Qa3 $5
$142 {ist bedenkenswert} 12. O-O 12... Rb8 $14) 12. a4 (12. a4 dxe5 13. O-O $18
) 1-0